000 00342 a2200157 4500
001 74824
020 _a978095685770-5
040 _cAnchieta - Colégio São Paulo
100 _aMoore, Chris
240 1 0 _aBlog love
_lpor
245 1 0 _aBlog love
300 _a32
362 0 _a2006
650 4 _aLiteratura juvenil em inglês
942 _cBK
999 _c74824
_d74824